| Поле | Название | Значение |
| |
Тип записи |
c |
| |
Библиографический уровень |
m |
| 001 |
Контрольный номер |
RU/УОНБ/EK_N/593695070 |
| 005 |
Дата корректировки |
20260227131741.3 |
| 010 |
Индекс ISBN |
__ |
| 9 |
Тираж |
40000 экз. |
| 013 |
Номер (ISMN) |
__ |
| d |
Цена |
1 р. 30 к. |
| 071 |
Издательские номер (звукозапись и ноты) |
21 |
| a |
Номер, присвоенный агентством |
12303 |
| 100 |
Данные общей обработки |
__ |
| a |
Данные общей обработки |
20181024d1983 u y0rusy0189 ca |
| 101 |
Язык документа |
0_ |
| a |
Язык текста |
rus |
| f |
Язык титульного листа |
rus |
| 102 |
Страна публикации |
__ |
| a |
Страна публикации |
RU |
| 105 |
Кодированные данные (монография) |
__ |
| a |
Кодированные данные (монография) |
y###||||000|y |
| 125 |
Кодированные данные звукозаписи и нотных изданий |
__ |
| a |
Форма изложения нотного текста |
с| |
| 128 |
Кодированные данные (звукозаписи-физические характеристики) |
__ |
| a |
Кодированные данные: Музыкальная форма и тональность или лад |
zz |
| b |
Инструменты или голоса, необходимые для ансамблей (устаревшее) |
cu|| |
| c |
Инструменты или голоса, рекомендуемые для солистов (устаревшее) |
vu|| |
| 200 |
Заглавие и сведения об ответственности |
1_ |
| a |
Заглавие |
Вып. 3 |
| f |
Первые сведения об ответственности |
сост. Н. Горлов |
| 210 |
Выходные данные |
1_ |
| d |
Дата издания |
1983 |
| 215 |
Физическое описание |
__ |
| a |
Объем |
190 с. |
| 327 |
Примечание о содержании |
11 |
| a |
Примечание о содержании |
Содерж.: Песни для хора в сопровождении фортепиано (баяна) : Мурадели В. Партия - наш рулевой / сл. С. Михалкова. - Григоренко В. и Маслов Ф. Русская земля / сл. Н. Карева. - Фиготин Б. Мир нужен всей земле / сл. Б. Дубровина. - Гурьев Ю. Моя рябина / сл. В. Бутенко и Г. Георгиева. - Узник / обраб. Н. Будашкина ; сл. А. Пушкина. - В тёмном лесе : рус. нар. песня / обраб. М. Нахимовского. - Песни для народного хора в сопровождении баяна : Левашов В. Хлебом мы живём / сл. Н. Палькина. - Поликарпов Н. Подмосковная лирическая / сл. В. Бокова. - Поиграйте, красны девки : рус. нар. песня / обраб. Н. Кутузова ; текст в литературной обраб. И. Дремова. - Пономаренко Г. Пораскинулись жаркие степи / сл. В. Бурыгина. - Абрамский А. Хорошо во ржи густой / сл. И. Дремова. - Шендерев Г. На рябине гроздья спелые / сл. В. Фирсова. - Песни для вокальных ансамблей в сопровождении фортепиано (баяна) : Дунаевский И. Квартет поваров : из кф. "Волга-Волга" / сл. В. Лебедева-Кумача. - Кудыма Е. Родная сторона / сл. А. Коваль-Волкова. - Туликов С. Вечерняя песня / сл. Л. Кондырева. - Шендерев Г. Не умолкнут гармони / сл. А. Менькова. - Левашов В. Поёт гармонь на перекрестке / сл. Л. Кондырева. - Песни для солистов в сопровождении баяна : Туликов С. Родина / перелож. Н. Горлова ; сл. Ю. Полухина. - Соловьев-Седой В. Едет парень на телеге / перелож. В. Нестерова ; сл. Н. Глейзарова. - Мокроусов Б. Назначай поскорее свидание / перелож. В. Нестерова ; сл. С. Смирнова. - Птичкин Е. Сладка ягода : из кф. "Любовь земная" / перелож. Н. Горлова ; сл. Р. Рождественского. - Песни в сопровождении инструментального ансамбля : Новиков А. Смуглянка / сл. Я. Шведова. - Долуханян А. Ой ты, рожь / сл. А. Пришельца. - Я встретил вас : старинный романс / сл. Ф. Тютчева. - Вокальные произведения в сопровождении гитары : Фрадкин М. Случайный вальс / перелож. В. Коновалова ; сл. Е. Долматовского. - Абаз. Утро туманное / сл. И. Тургенева. - Помнишь ли меня, мой свет : рус. нар. песня / обраб. В. Викторова. - Концертные пьесы для отдельных инструментов : Меж крутых бережков : рус. нар. песня / обраб. П. Лондонова. - Берлиоз Г. Марш "Ракоци". - Прокофьев С. Песня без слов. - Глухов О. и Азов В. Лебедушка : рус. хоровод. - Коробейники : рус. нар. песня / обраб. В. Сазонова. - Пьесы для различных инструментальных ансамблей : Глинка М. Тарантелла / перелож. В. Нестерова. - Мотов В. На деревенской улице. - Шалаев А. Фантазия на тему рус. нар. песни "Тонкая рябина". - Нестеров В. В хороводе ; Пьеса на белорусскую тему. - Голиков В. Былина. - Музыка к танцам : Корнев В. и Лондонов П. Вечерний хоровод ; Хороводный наигрыш. - Молдовеняска : молд. нар. танец / обраб. А. Талакина. - Тихонов Б. Карело-финская полька. - Хаперский В. Кадриль. - Широков А. На отдыхе. - Горлов Н. За деревней, за околицей : лирич. танец. - Частушки, сатирические куплеты : Ёлочки-метёлочки : сибирские частушки. - Частушки-подковырки / обраб. А. Широкова. - Орловские припевки / обраб. В. Клюева. - Векшин Г. Мы, ребята холостые : шуточ. припевки / перелож. Н. Горлова ; сл. В. Бурыгина. - Аверкин А. Ивановские припевки / сл. Г. Георгиева. - Ой, все зелены : архангельские припевки / обраб. Б. Киселева. - Заволокины А. и Г. Если сердце говорит / сл. Г. Георгиева ; Измена / сл. В. Кривилева. - Абрамский А. Всё цвело и говорило / сл. В. Бокова |
| 461 |
Уровень набора |
_0 |
| 1 |
|
001RU/IS/BASE/593616144 |
| 1 |
|
200 |
| a |
|
Концерт в сельском клубе |
| b |
|
Ноты |
| e |
|
[для пения (соло, ансамбль, хор) с сопровожд. фп., баяна, гитары, инструм. ансамбля и для отдельных инструментов и различных инструм. ансамблей] |
| v |
|
Вып. 3 |
| 1 |
|
210 |
| a |
|
М. |
| c |
|
Музыка |
| d |
|
1981 - |
| 1 |
|
225 |
| a |
|
Художественной самодеятельности |
| 464 |
Аналитический уровень |
_0 |
| 1 |
|
2001 |
| a |
|
Партия - наш рулевой |
| e |
|
Слава борцам, что за правду вставали... |
| 1 |
|
700 1 |
| a |
|
Мурадели |
| b |
|
В. |
| 1 |
|
702 1 |
| a |
|
Михалков |
| b |
|
С. |
| 4 |
|
520 |
| 464 |
Аналитический уровень |
_0 |
| 1 |
|
2001 |
| a |
|
Русская земля |
| e |
|
Где-то в роще соловей... |
| 1 |
|
700 1 |
| a |
|
Григоренко |
| b |
|
В. |
| 1 |
|
701 1 |
| a |
|
Маслов |
| b |
|
Ф. |
| 1 |
|
702 1 |
| a |
|
Карев |
| b |
|
Н. |
| 4 |
|
520 |
| 464 |
Аналитический уровень |
_0 |
| 1 |
|
2001 |
| a |
|
Мир нужен всей земле |
| e |
|
Звезды Победы над нами горят... |
| 1 |
|
700 1 |
| a |
|
Фиготин |
| b |
|
Б. |
| 1 |
|
702 1 |
| a |
|
Дубровин |
| b |
|
Б. |
| 4 |
|
520 |
| 464 |
Аналитический уровень |
_0 |
| 1 |
|
2001 |
| a |
|
Моя рябина |
| e |
|
Немало песен есть о ней... |
| 1 |
|
700 1 |
| a |
|
Гурьев |
| b |
|
Ю. |
| 1 |
|
702 1 |
| a |
|
Бутенко |
| b |
|
В. |
| 4 |
|
520 |
| 1 |
|
702 1 |
| a |
|
Георгиев |
| b |
|
Г. |
| 4 |
|
520 |
| 464 |
Аналитический уровень |
_0 |
| 1 |
|
2001 |
| a |
|
Узник |
| e |
|
Сижу за решеткой в темнице сырой... |
| 1 |
|
702 1 |
| a |
|
Будашкин |
| b |
|
Н. |
| 4 |
|
030 |
| 1 |
|
702 1 |
| a |
|
Пушкин |
| b |
|
А. |
| 4 |
|
520 |
| 464 |
Аналитический уровень |
_0 |
| 1 |
|
2001 |
| a |
|
В тёмном лесе |
| e |
|
В тёмном лесе, в тёмном лесе... |
| e |
|
рус. нар. песня |
| 1 |
|
702 1 |
| a |
|
Нахимовский |
| b |
|
М. |
| 4 |
|
030 |
| 464 |
Аналитический уровень |
_0 |
| 1 |
|
2001 |
| a |
|
Хлебом мы живём |
| e |
|
На гербе советском много лет подряд... |
| 1 |
|
700 1 |
| a |
|
Левашов |
| b |
|
В. |
| 1 |
|
702 1 |
| a |
|
Палькин |
| b |
|
Н. |
| 4 |
|
520 |
| 464 |
Аналитический уровень |
_0 |
| 1 |
|
2001 |
| a |
|
Подмосковная лирическая |
| e |
|
Зори золотистые... |
| 1 |
|
700 1 |
| a |
|
Поликарпов |
| b |
|
Н. |
| 1 |
|
702 1 |
| a |
|
Боков |
| b |
|
В. |
| 4 |
|
520 |
| 464 |
Аналитический уровень |
_0 |
| 1 |
|
2001 |
| a |
|
Поиграйте, красны девки |
| e |
|
Поиграйте, красны девки... |
| e |
|
рус. нар. песня |
| 1 |
|
702 1 |
| a |
|
Кутузов |
| b |
|
Н. |
| 4 |
|
030 |
| 1 |
|
702 1 |
| a |
|
Дремов |
| b |
|
И. |
| 4 |
|
030 |
| 464 |
Аналитический уровень |
_0 |
| 1 |
|
2001 |
| a |
|
Пораскинулись жаркие степи |
| e |
|
Пораскинулись жаркие степи... |
| 1 |
|
700 1 |
| a |
|
Пономаренко |
| b |
|
Г. |
| 1 |
|
702 1 |
| a |
|
Бурыгин |
| b |
|
В. |
| 4 |
|
520 |
| 464 |
Аналитический уровень |
_0 |
| 1 |
|
2001 |
| a |
|
Хорошо во ржи густой |
| e |
|
За околицей села... |
| 1 |
|
700 1 |
| a |
|
Абрамский |
| b |
|
А. |
| 1 |
|
702 1 |
| a |
|
Дремов |
| b |
|
И. |
| 4 |
|
520 |
| 464 |
Аналитический уровень |
_0 |
| 1 |
|
2001 |
| a |
|
На рябине гроздья спелые |
| e |
|
На рябине гроздья спелые... |
| 1 |
|
700 1 |
| a |
|
Шендерев |
| b |
|
Г. |
| 1 |
|
702 1 |
| a |
|
Фирсов |
| b |
|
В. |
| 4 |
|
520 |
| 464 |
Аналитический уровень |
_0 |
| 1 |
|
2001 |
| a |
|
Квартет поваров |
| e |
|
Пусть утихнет праздный говор... |
| e |
|
из кф. "Волга-Волга" |
| 1 |
|
700 1 |
| a |
|
Дунаевский |
| b |
|
И. |
| 1 |
|
702 1 |
| a |
|
Лебедев-Кумач |
| b |
|
В. |
| 4 |
|
520 |
| 1 |
|
50010 |
| a |
|
Волга-Волга |
| 464 |
Аналитический уровень |
_0 |
| 1 |
|
2001 |
| a |
|
Родная сторона |
| e |
|
Звенит за старой мельницей волна вдоль камыша... |
| 1 |
|
700 1 |
| a |
|
Кудыма |
| b |
|
Е. |
| 1 |
|
702 1 |
| a |
|
Коваль-Волков |
| b |
|
А. |
| 4 |
|
520 |
| 464 |
Аналитический уровень |
_0 |
| 1 |
|
2001 |
| a |
|
Вечерняя песня |
| e |
|
Лёг туман на рощи синей пеленой... |
| e |
|
лирический дуэт-романс |
| 1 |
|
700 1 |
| a |
|
Туликов |
| b |
|
С. |
| 1 |
|
702 1 |
| a |
|
Кондырев |
| b |
|
Л. |
| 4 |
|
520 |
| 464 |
Аналитический уровень |
_0 |
| 1 |
|
2001 |
| a |
|
Не умолкнут гармони |
| e |
|
На Руси никогда... |
| 1 |
|
700 1 |
| a |
|
Шендерев |
| b |
|
Г. |
| 1 |
|
702 1 |
| a |
|
Меньков |
| b |
|
А. |
| 4 |
|
520 |
| 464 |
Аналитический уровень |
_0 |
| 1 |
|
2001 |
| a |
|
Поёт гармонь на перекрестке |
| e |
|
Поёт гармонь на перекрестке... |
| 1 |
|
700 1 |
| a |
|
Левашов |
| b |
|
В. |
| 1 |
|
702 1 |
| a |
|
Кондырев |
| b |
|
Л. |
| 4 |
|
520 |
| 464 |
Аналитический уровень |
_0 |
| 1 |
|
2001 |
| a |
|
Родина |
| e |
|
Родина - мои родные края!.. |
| 1 |
|
700 1 |
| a |
|
Туликов |
| b |
|
С. |
| 1 |
|
702 1 |
| a |
|
Горлов |
| b |
|
Н. |
| 4 |
|
030 |
| 1 |
|
702 1 |
| a |
|
Полухин |
| b |
|
Ю. |
| 4 |
|
520 |
| 464 |
Аналитический уровень |
_0 |
| 1 |
|
2001 |
| a |
|
Едет парень на телеге |
| e |
|
Едет парень на телеге... |
| 1 |
|
700 1 |
| a |
|
Соловьев-Седой |
| b |
|
В. |
| 1 |
|
702 1 |
| a |
|
Нестеров |
| b |
|
В. |
| 4 |
|
030 |
| 1 |
|
702 1 |
| a |
|
Глейзаров |
| b |
|
Н. |
| 4 |
|
520 |
| 464 |
Аналитический уровень |
_0 |
| 1 |
|
2001 |
| a |
|
Назначай поскорее свидание |
| e |
|
Ты обычно всегда в стороне... |
| 1 |
|
700 1 |
| a |
|
Мокроусов |
| b |
|
Б. |
| 1 |
|
702 1 |
| a |
|
Нестеров |
| b |
|
В. |
| 4 |
|
030 |
| 1 |
|
702 1 |
| a |
|
Смирнов |
| b |
|
С. |
| 4 |
|
520 |
| 464 |
Аналитический уровень |
_0 |
| 1 |
|
2001 |
| a |
|
Сладка ягода |
| e |
|
Сладка ягода в лес поманит... |
| e |
|
из кф. "Любовь земная" |
| 1 |
|
700 1 |
| a |
|
Птичкин |
| b |
|
Е. |
| 1 |
|
702 1 |
| a |
|
Горлов |
| b |
|
Н. |
| 4 |
|
030 |
| 1 |
|
702 1 |
| a |
|
Рождественский |
| b |
|
Р. |
| 4 |
|
520 |
| 1 |
|
50010 |
| a |
|
Любовь земная |
| 464 |
Аналитический уровень |
_0 |
| 1 |
|
2001 |
| a |
|
Смуглянка |
| e |
|
Как-то летом на рассвете... |
| 1 |
|
700 1 |
| a |
|
Новиков |
| b |
|
А. |
| 1 |
|
702 1 |
| a |
|
Шведов |
| b |
|
Я. |
| 4 |
|
520 |
| 464 |
Аналитический уровень |
_0 |
| 1 |
|
2001 |
| a |
|
Ой ты, рожь |
| e |
|
В поле за околицей... |
| 1 |
|
700 1 |
| a |
|
Долуханян |
| b |
|
А. |
| 1 |
|
702 1 |
| a |
|
Пришелец |
| b |
|
А. |
| 4 |
|
520 |
| 464 |
Аналитический уровень |
_0 |
| 1 |
|
2001 |
| a |
|
Я встретил вас |
| e |
|
Я встретил вас - и все былое... |
| e |
|
старинный романс |
| 1 |
|
702 1 |
| a |
|
Тютчев |
| b |
|
Ф. |
| 4 |
|
520 |
| 464 |
Аналитический уровень |
_0 |
| 1 |
|
2001 |
| a |
|
Случайный вальс |
| e |
|
Ночь коротка... |
| 1 |
|
700 1 |
| a |
|
Фрадкин |
| b |
|
М. |
| 1 |
|
702 1 |
| a |
|
Коновалов |
| b |
|
В. |
| 4 |
|
030 |
| 1 |
|
702 1 |
| a |
|
Долматовский |
| b |
|
Е. |
| 4 |
|
520 |
| 464 |
Аналитический уровень |
_0 |
| 1 |
|
2001 |
| a |
|
Утро туманное |
| e |
|
Утро туманное, утро седое... |
| 1 |
|
700 1 |
| a |
|
Абаз |
| 1 |
|
702 1 |
| a |
|
Тургенев |
| b |
|
И. |
| 4 |
|
520 |
| 464 |
Аналитический уровень |
_0 |
| 1 |
|
2001 |
| a |
|
Помнишь ли меня, мой свет |
| e |
|
Помнишь ли меня, мой свет... |
| e |
|
рус. нар. песня |
| 1 |
|
702 1 |
| a |
|
Викторов |
| b |
|
В. |
| 4 |
|
030 |
| 464 |
Аналитический уровень |
_0 |
| 1 |
|
2001 |
| a |
|
Меж крутых бережков |
| e |
|
рус. нар. песня |
| 1 |
|
702 1 |
| a |
|
Лондонов |
| b |
|
П. |
| 4 |
|
030 |
| 464 |
Аналитический уровень |
_0 |
| 1 |
|
2001 |
| a |
|
Марш "Ракоци" |
| 1 |
|
700 1 |
| a |
|
Берлиоз |
| b |
|
Г. |
| 464 |
Аналитический уровень |
_0 |
| 1 |
|
2001 |
| a |
|
Песня без слов |
| 1 |
|
700 1 |
| a |
|
Прокофьев |
| b |
|
С. |
| 464 |
Аналитический уровень |
_0 |
| 1 |
|
2001 |
| a |
|
Лебедушка |
| e |
|
рус. хоровод |
| 1 |
|
700 1 |
| a |
|
Глухов |
| b |
|
О. |
| 1 |
|
701 1 |
| a |
|
Азов |
| b |
|
В. |
| 464 |
Аналитический уровень |
_0 |
| 1 |
|
2001 |
| a |
|
Коробейники |
| e |
|
рус. нар. песня |
| 1 |
|
702 1 |
| a |
|
Сазонов |
| b |
|
В. |
| 4 |
|
030 |
| 464 |
Аналитический уровень |
_0 |
| 1 |
|
2001 |
| a |
|
Тарантелла |
| 1 |
|
700 1 |
| a |
|
Глинка |
| b |
|
М. |
| 1 |
|
702 1 |
| a |
|
Нестеров |
| b |
|
В. |
| 4 |
|
030 |
| 464 |
Аналитический уровень |
_0 |
| 1 |
|
2001 |
| a |
|
На деревенской улице |
| 1 |
|
700 1 |
| a |
|
Мотов |
| b |
|
В. |
| 464 |
Аналитический уровень |
_0 |
| 1 |
|
2001 |
| a |
|
Фантазия |
| e |
|
на тему рус. нар. песни "Тонкая рябина" |
| 1 |
|
700 1 |
| a |
|
Шалаев |
| b |
|
А. |
| 1 |
|
50010 |
| a |
|
Тонкая рябина |
| 464 |
Аналитический уровень |
_0 |
| 1 |
|
2001 |
| a |
|
В хороводе |
| 1 |
|
700 1 |
| a |
|
Нестеров |
| b |
|
В. |
| 464 |
Аналитический уровень |
_0 |
| 1 |
|
2001 |
| a |
|
Былина |
| 1 |
|
700 1 |
| a |
|
Голиков |
| b |
|
В. |
| 464 |
Аналитический уровень |
_0 |
| 1 |
|
2001 |
| a |
|
Вечерний хоровод |
| 1 |
|
700 1 |
| a |
|
Корнев |
| b |
|
В. |
| 1 |
|
701 1 |
| a |
|
Лондонов |
| b |
|
П. |
| 464 |
Аналитический уровень |
_0 |
| 1 |
|
2001 |
| a |
|
Молдовеняска |
| e |
|
молд. нар. танец |
| 1 |
|
702 1 |
| a |
|
Талакин |
| b |
|
А. |
| 4 |
|
030 |
| 464 |
Аналитический уровень |
_0 |
| 1 |
|
2001 |
| a |
|
Карело-финская полька |
| 1 |
|
700 1 |
| a |
|
Тихонов |
| b |
|
Б. |
| 464 |
Аналитический уровень |
_0 |
| 1 |
|
2001 |
| a |
|
Кадриль |
| 1 |
|
700 1 |
| a |
|
Хаперский |
| b |
|
В. |
| 464 |
Аналитический уровень |
_0 |
| 1 |
|
2001 |
| a |
|
На отдыхе |
| 1 |
|
700 1 |
| a |
|
Широков |
| b |
|
А. |
| 464 |
Аналитический уровень |
_0 |
| 1 |
|
2001 |
| a |
|
За деревней, за околицей |
| e |
|
лирич. танец |
| 1 |
|
700 1 |
| a |
|
Горлов |
| b |
|
Н. |
| 464 |
Аналитический уровень |
_0 |
| 1 |
|
2001 |
| a |
|
Ёлочки-метёлочки |
| e |
|
Спой, подруженька, частушку... |
| e |
|
сибирские частушки |
| 464 |
Аналитический уровень |
_0 |
| 1 |
|
2001 |
| a |
|
Частушки-подковырки |
| e |
|
Ой, да мы ребята молодые... |
| 1 |
|
702 1 |
| a |
|
Широков |
| b |
|
А. |
| 4 |
|
030 |
| 464 |
Аналитический уровень |
_0 |
| 1 |
|
2001 |
| a |
|
Орловские припевки |
| e |
|
Что ты, белая берёза... |
| 1 |
|
702 1 |
| a |
|
Клюев |
| b |
|
В. |
| 4 |
|
030 |
| 464 |
Аналитический уровень |
_0 |
| 1 |
|
2001 |
| a |
|
Мы, ребята холостые |
| e |
|
Мы, ребята холостые... |
| e |
|
шуточ. припевки |
| 1 |
|
700 1 |
| a |
|
Векшин |
| b |
|
Г. |
| 1 |
|
702 1 |
| a |
|
Горлов |
| b |
|
Н. |
| 4 |
|
030 |
| 1 |
|
702 1 |
| a |
|
Бурыгин |
| b |
|
В. |
| 4 |
|
520 |
| 464 |
Аналитический уровень |
_0 |
| 1 |
|
2001 |
| a |
|
Ивановские припевки |
| e |
|
Уплывает по реке... |
| 1 |
|
700 1 |
| a |
|
Аверкин |
| b |
|
А. |
| 1 |
|
702 1 |
| a |
|
Георгиев |
| b |
|
Г. |
| 4 |
|
520 |
| 464 |
Аналитический уровень |
_0 |
| 1 |
|
2001 |
| a |
|
Ой, все зелены |
| e |
|
Ой, все зелены, все зелены... |
| e |
|
архангельские припевки |
| 1 |
|
702 1 |
| a |
|
Киселев |
| b |
|
Б. |
| 4 |
|
030 |
| 464 |
Аналитический уровень |
_0 |
| 1 |
|
2001 |
| a |
|
Если сердце говорит |
| e |
|
Мы вдвоем на берегу... |
| 1 |
|
700 1 |
| a |
|
Заволокин |
| b |
|
А. |
| 1 |
|
701 1 |
| a |
|
Заволокин |
| b |
|
Г. |
| 1 |
|
702 1 |
| a |
|
Георгиев |
| b |
|
Г. |
| 4 |
|
520 |
| 464 |
Аналитический уровень |
_0 |
| 1 |
|
2001 |
| a |
|
Всё цвело и говорило |
| e |
|
Провожал меня мой милый... |
| 1 |
|
700 1 |
| a |
|
Абрамский |
| b |
|
А. |
| 1 |
|
702 1 |
| a |
|
Боков |
| b |
|
В. |
| 4 |
|
520 |
| 464 |
Аналитический уровень |
_0 |
| 1 |
|
2001 |
| a |
|
Пьеса на белорусскую тему |
| 1 |
|
700 1 |
| a |
|
Нестеров |
| b |
|
В. |
| 464 |
Аналитический уровень |
_0 |
| 1 |
|
2001 |
| a |
|
Хороводный наигрыш |
| 1 |
|
700 1 |
| a |
|
Корнев |
| b |
|
В. |
| 1 |
|
701 1 |
| a |
|
Лондонов |
| b |
|
П. |
| 464 |
Аналитический уровень |
_0 |
| 1 |
|
2001 |
| a |
|
Измена |
| e |
|
Я по улице иду... |
| 1 |
|
700 1 |
| a |
|
Заволокин |
| b |
|
А. |
| 1 |
|
701 1 |
| a |
|
Заволокин |
| b |
|
Г. |
| 1 |
|
702 1 |
| a |
|
Кривилев |
| b |
|
В. |
| 4 |
|
520 |
| 512 |
Заглавие обложки |
1_ |
| a |
Заглавие обложки |
Концерт в сельском клубе |
| 606 |
Тематические рубрики |
0_ |
| a |
Основная рубрика |
Репертуар художественной самодеятельности |
| x |
Основная подрубрика |
Хоровые произведения |
| x |
Основная подрубрика |
Хоры народные |
| x |
Основная подрубрика |
Ансамбли вокальные |
| x |
Основная подрубрика |
Песни |
| x |
Основная подрубрика |
Ансамбли инструментальные |
| x |
Основная подрубрика |
Гитара |
| x |
Основная подрубрика |
Концертные пьесы |
| x |
Основная подрубрика |
Пьесы |
| x |
Основная подрубрика |
Танцевальная музыка |
| x |
Основная подрубрика |
Частушки |
| 610 |
Ключевые слова |
0_ |
| a |
Ключевые слова |
репертуар художественной самодеятельности |
| 610 |
Ключевые слова |
0_ |
| a |
Ключевые слова |
хоровые произведения |
| 610 |
Ключевые слова |
0_ |
| a |
Ключевые слова |
народные хоры |
| 610 |
Ключевые слова |
0_ |
| a |
Ключевые слова |
вокальные ансамбли |
| 610 |
Ключевые слова |
0_ |
| a |
Ключевые слова |
ансамбли инструментальные |
| 610 |
Ключевые слова |
0_ |
| a |
Ключевые слова |
песни |
| 610 |
Ключевые слова |
0_ |
| a |
Ключевые слова |
гитара |
| 610 |
Ключевые слова |
0_ |
| a |
Ключевые слова |
концертные пьесы |
| 610 |
Ключевые слова |
0_ |
| a |
Ключевые слова |
пьесы |
| 610 |
Ключевые слова |
0_ |
| a |
Ключевые слова |
танцевальная музыка |
| 610 |
Ключевые слова |
0_ |
| a |
Ключевые слова |
частушки |
| 686 |
Индексы других классификаций |
__ |
| a |
Классификационный индекс |
85.94-041я436 |
| a |
Классификационный индекс |
85.95я436 |
| 2 |
Код системы |
rubbk |
| 702 |
Вторичная интеллектуальная ответственность |
_1 |
| a |
Фамилия |
Горлов |
| b |
Имя (инициалы) |
Н. Б. |
| 4 |
Код отношения |
220 |
| 801 |
Источник записи |
_0 |
| a |
Страна |
RU |
| b |
Организация |
Ульяновская ОНБ |
| c |
Дата составления |
20181024 |
| g |
Правила каталогизации |
RCR |
| 801 |
Источник записи |
_1 |
| a |
Страна |
RU |
| b |
Организация |
Ульяновская ОНБ |
| c |
Дата составления |
20181024 |
| g |
Правила каталогизации |
RCR |
| 901 |
Тип документа |
__ |
| t |
Тип документа |
n |
| w |
Контрольный № источника |
RU/IS/BASE/593616144 |
| 909 |
Создатель записи |
__ |
| a |
Создатель записи |
Грязнова И. Е. |
| 910 |
Корректоры записи |
__ |
| a |
Корректор записи |
Васина |
| 938 |
Служебная информация |
__ |
| a |
Имя БД |
noti |
| b |
Имя библиотеки |
УОНБ |
| c |
Имя АИБС |
МАРК-SQL |
| d |
Номер DOC_ID в БД |
19316 |